000 00528nam a2200193Ia 4500
005 20250508160929.0
008 008 250505s9999 xx 000 0 eng d
037 _aTextual
040 _aFEDL
_beng
_cFEDL
041 _aeng
_2eng
084 _a370.9, SOD
_qFEDL
100 _aSodhi T S
_9294983
245 0 _aComparative Education
260 _aNew Delhi, India
_bVikas Publishing House Private Limited
300 _a512p
650 _aEducation
942 _cTEXL
_h370.9, SOD
999 _c1367463
_d1367463